书目信息 |
| 题名: |
伟大的飞跃
|
|
| 作者: | ;国家发展改革委 著 | |
| 分册: | ||
| 出版信息: | 北京 人民出版社 2018.12 |
|
| 页数: | 309页 | |
| 开本: | 24cm | |
| 丛书名: | 改革开放40年: 中国经济发展系列丛书 | |
| 单 册: | ||
| 中图分类: | F426.2 | |
| 科图分类: | ||
| 主题词: | 能源发展--neng yuan fa zhan--研究--中国 | |
| 电子资源: | ||
| ISBN: | 978-7-01-009787-9 | |
| 000 | 01363nam 2200289 450 | |
| 001 | CAL 0120192663797 | |
| 005 | 20190131110424.3 | |
| 010 | @a978-7-01-009787-9@dCNY66.00 | |
| 100 | @a20190131d2018 em y0chiy50 ea | |
| 101 | 0 | @achi |
| 102 | @aCN@b110000 | |
| 105 | @aak a 000yy | |
| 106 | @ar | |
| 200 | 1 | @a伟大的飞跃@Awei da de fei yue@e中国能源发展40年@f国家发展改革委宏观经济研究院能源研究所著@Fguo jia fa zhan gai ge wei hong guan jing ji yan jiu yuan neng yuan yan jiu suo zhu |
| 210 | @a北京@c人民出版社@d2018.12 | |
| 215 | @a309页@c图@d24cm | |
| 225 | 2 | @a改革开放40年: 中国经济发展系列丛书@Agai ge kai fang 40 nian : zhong guo jing ji fa zhan xi lie cong shu |
| 320 | @a有书目 | |
| 330 | @a本书全面解读了中国能源政策的发展过程, 比较了中国与其他国家的能源文化, 阐述了中国开展能源革命的前因后果, 内容包括: 改革开放40年能源发展取得巨大成就 ; 煤炭: 支撑中国经济社会高速发展 ; 崛起为世界石油天然气大国等。 | |
| 410 | 0 | @12001 @a改革开放40年: 中国经济发展系列丛书 |
| 517 | 1 | @a中国能源发展40年@Azhong guo neng yuan fa zhan 40 nian |
| 586 | @a | |
| 606 | 0 | @a能源发展@Aneng yuan fa zhan@x研究@y中国 |
| 690 | @aF426.2@v5 | |
| 711 | 02 | @a国家发展改革委@Aguo jia fa zhan gai ge wei@b宏观经济研究院能源研究所@Bhong guan jing ji yan jiu yuan neng yuan yan jiu suo@4著 |
| 801 | 0 | @aCN@c20190131 |
| 905 | @a河南城建学院图书馆@dF426.2@eG900@f2 | |
| 伟大的飞跃:中国能源发展40年/国家发展改革委宏观经济研究院能源研究所著.-北京:人民出版社,2018.12 |
| 309页:图;24cm.-(改革开放40年: 中国经济发展系列丛书) |
| ISBN 978-7-01-009787-9:CNY66.00 |
| 本书全面解读了中国能源政策的发展过程, 比较了中国与其他国家的能源文化, 阐述了中国开展能源革命的前因后果, 内容包括: 改革开放40年能源发展取得巨大成就 ; 煤炭: 支撑中国经济社会高速发展 ; 崛起为世界石油天然气大国等。 |
| ● |
| 相关链接 |
|
|
|
正题名:伟大的飞跃
索取号:F426.2/G900
 
预约/预借
| 序号 | 登录号 | 条形码 | 馆藏地/架位号 | 状态 | 备注 |
| 1 | 1411413 | 214114135 | 社科库409/409社科库 35排6列3层/ [索取号:F426.2/G900] | 在馆 | |
| 2 | 1411414 | 214114144 | 社科库409/409社科库 35排6列3层/ [索取号:F426.2/G900] | 在馆 |